| 000 -LEADER |
| fixed length control field |
00707cam a2200205 a 4500 |
| 001 - CONTROL NUMBER |
| control field |
16827548 |
| 005 - DATE AND TIME OF LATEST TRANSACTION |
| control field |
20221114122009.0 |
| 008 - FIXED-LENGTH DATA ELEMENTS--GENERAL INFORMATION |
| fixed length control field |
110614s2012 enka b 001 0 eng |
| 020 ## - INTERNATIONAL STANDARD BOOK NUMBER |
| International Standard Book Number |
9781844077786x |
| 080 ## - UNIVERSAL DECIMAL CLASSIFICATION NUMBER |
| Universal Decimal Classification number |
338.43 B-46 |
| 100 1# - MAIN ENTRY--PERSONAL NAME |
| Personal name |
Hill, Berkeley |
| 9 (RLIN) |
11328 |
| 245 10 - TITLE STATEMENT |
| Title |
Understanding the common agricultural policy / |
| Statement of responsibility, etc. |
Berkeley Hill. |
| 264 ## - PRODUCTION, PUBLICATION, DISTRIBUTION, MANUFACTURE, AND COPYRIGHT NOTICE |
| Place of production, publication, distribution, manufacture |
New York : |
| Name of producer, publisher, distributor, manufacturer |
Earthscan, |
| Date of production, publication, distribution, manufacture, or copyright notice |
2012. |
| 300 ## - PHYSICAL DESCRIPTION |
| Extent |
335 p. : |
| Other physical details |
ill. ; |
| Dimensions |
25 cm. |
| 653 ## - INDEX TERM--UNCONTROLLED |
| keyword |
Understanding the Common Agricultural Policy |
| 653 ## - INDEX TERM--UNCONTROLLED |
| keyword |
სოფლის მეურნეობის ეკონომიკა |
| 653 ## - INDEX TERM--UNCONTROLLED |
| keyword |
ეკონომიკა |
| 653 ## - INDEX TERM--UNCONTROLLED |
| keyword |
სოფლის მეურნეობა |
| 942 ## - ADDED ENTRY ELEMENTS (KOHA) |
| Source of classification or shelving scheme |
|
| Koha item type |
წიგნი |